000
00305nam a2200133Ia 4500
008
190216s9999||||xx |||||||||||||| ||und||
100
_a
Sundharan. K.P.M
245
0
_a
Economic Theory
250
_a
6th Ed.
260
_b
Ratan Prakashan Mandir
_c
1983
300
_a
655
650
_a
Economics
942
_c
BK
999
_c
9738
_d
9738